Tính chất chính quy và nửa chính quy trên các đồng cấu
Kiến thức chuẩn bị; Tính chính quy và nửa chính quy của các đồng cấu; Cấu trúc HomR(M,N) với điều kiện chính quy.
Bewaard in:
| Hoofdauteur: | |
|---|---|
| Andere auteurs: | |
| Formaat: | Boek |
| Taal: | Vietnamese |
| Gepubliceerd in: |
Đà Nẵng
Đại học Đà Nẵng
2013
|
| Onderwerpen: | |
| Tags: |
Voeg label toe
Geen labels, Wees de eerste die dit record labelt!
|
| Thư viện lưu trữ: | Mạng thư viện Đại học Đà Nẵng |
|---|
| LEADER | 01721nam a2200385 4500 | ||
|---|---|---|---|
| 001 | 000019444 | ||
| 003 | 15879 | ||
| 005 | 20140429140426.0 | ||
| 008 | 140429s2013 viesd | ||
| 041 | |a vie | ||
| 082 | 1 | 4 | |a 511.5 |b HA-S |
| 100 | |a Hà Thị Thu Sương | ||
| 245 | |a Tính chất chính quy và nửa chính quy trên các đồng cấu |c Hà Thị Thu Sương ; Trương Công Quỳnh hướng dẫn. |k Luận văn Thạc sĩ | ||
| 260 | |a Đà Nẵng |b Đại học Đà Nẵng |c 2013 | ||
| 300 | |a 38 tr., phụ lục 7 tr. |c 29 cm. |e Tóm tắt | ||
| 500 | |a Luận văn thạc sĩ Khoa học. Chuyên ngành: Phương pháp toán sơ cấp. Mã số: 60.46.40. | ||
| 520 | |a Kiến thức chuẩn bị; Tính chính quy và nửa chính quy của các đồng cấu; Cấu trúc HomR(M,N) với điều kiện chính quy. | ||
| 650 | 0 | 4 | |a Đồng cấu (toán học) |v Luận văn tốt nghiệp |x Chính quy |
| 650 | 0 | 4 | |a Đồng cấu (toán học) |v Luận văn tốt nghiệp |x Nửa chính quy |
| 653 | |a Toán học | ||
| 653 | |a Đồng cấu (toán học) | ||
| 653 | |a Nửa chính quy | ||
| 653 | |a Chính quy | ||
| 653 | |a Phương pháp toán sơ cấp | ||
| 700 | 1 | |a Trương Công Quỳnh |c TS. |e Hướng dẫn | |
| OWN | |a LSP | ||
| AVA | |a UDN50 |b LSP |d 511.5 HA-S |e available |t Error 5001 Not defined in file expand_doc_bib_avail. |f 1 |g 0 |h N |i 0 |k 1 | ||
| 999 | |a From the UDN01 | ||
| AVA | |a UDN50 |b LSP |d 511.5 HA-S |e available |t Error 5001 Not defined in file expand_doc_bib_avail. |f 1 |g 0 |h N |i 0 |k 1 | ||
| TYP | |a Monograph | ||
| TYP | |a Printed language | ||
| 980 | |a Mạng thư viện Đại học Đà Nẵng | ||